On the road (Record no. 2341)

MARC details
000 -LEADER
fixed length control field 00634nam a22002297a 4500
005 - DATE AND TIME OF LATEST TRANSACTION
control field 20241106154913.0
020 ## - INTERNATIONAL STANDARD BOOK NUMBER
International Standard Book Number 9780545099943
040 ## - CATALOGING SOURCE
Original cataloging agency FISKH
Language of cataloging eng
Transcribing agency FISKH
Modifying agency FISKH
050 ## - LIBRARY OF CONGRESS CALL NUMBER
Classification number TL147.C66
082 ## - DEWEY DECIMAL CLASSIFICATION NUMBER
Classification number 629.046
100 ## - MAIN ENTRY--PERSONAL NAME
Personal name Cooper, Wade
245 ## - TITLE STATEMENT
Title On the road
Statement of responsibility, etc. Wade Cooper
250 ## - EDITION STATEMENT
Edition statement This edition first printing, January 2009
260 ## - PUBLICATION, DISTRIBUTION, ETC.
Place of publication, distribution, etc. New York :
Name of publisher, distributor, etc. Scholastic,
Date of publication, distribution, etc. 2008
300 ## - PHYSICAL DESCRIPTION
Extent 30 pages :
Other physical details illustrations
Dimensions 23 cm
505 ## - FORMATTED CONTENTS NOTE
Formatted contents note G
520 ## - SUMMARY, ETC.
Summary, etc. Simple words introduce all sorts of vehicles to young readers.
521 ## - TARGET AUDIENCE NOTE
Target audience note 360 <br/>
Source Lexile<br/>
521 ## - TARGET AUDIENCE NOTE
Target audience note G <br/>
Source Raz-Plus<br/>
942 ## - ADDED ENTRY ELEMENTS (KOHA)
Source of classification or shelving scheme Dewey Decimal Classification
Koha item type Books
Suppress in OPAC No
999 ## -
-- 2341
-- 2341
Holdings
Withdrawn status Lost status Source of classification or shelving scheme Damaged status Not for loan Collection Home library Current library Shelving location Date acquired Total Checkouts Full call number Barcode Date last seen Copy number Price effective from Koha item type Date due Date last checked out
    Dewey Decimal Classification     Non-Fiction Footprints International School Library Network Toul Kork Campus Footprints International School Library Network Toul Kork Campus TK Primary Library Room(4th Floor), Bookcase 7, Shelves 57-60, Dark Green Books 11/17/2023   COO 629.046 TL147.C66 2023-0749 11/17/2023 1 11/17/2023 Books    
    Dewey Decimal Classification     Non-Fiction Footprints International School Library Network Toul Kork Campus Footprints International School Library Network Toul Kork Campus TK Primary Library Room(4th Floor), Bookcase 7, Shelves 57-60, Dark Green Books 11/06/2024   COO 629.046 TL147.C66 2024-2296 11/06/2024 3 11/06/2024 Books    
    Dewey Decimal Classification     Non-Fiction Footprints International School Library Network Toul Kork Campus Footprints International School Library Network Toul Kork Campus TK Primary Library Room(4th Floor), Bookcase 7, Shelves 57-60, Dark Green Books 04/21/2025   COO 629.046 TL147.C66 FISBK02632 04/21/2025 4 04/21/2025 Books    
    Dewey Decimal Classification     Non-Fiction Footprints International School Library Network Toul Kork Campus Footprints International School Library Network Toul Kork Campus TK Primary Library Room(4th Floor), Bookcase 7, Shelves 57-60, Dark Green Books 04/21/2025   COO 629.046 TL147.C66 FISBK02631 04/21/2025 5 04/21/2025 Books    
    Dewey Decimal Classification     Non-Fiction Footprints International School Library Network Toul Kork Campus Footprints International School Library Network Toul Tom Poung Campus   11/17/2023 2 COO 629.046 TL147.C66 FIS01277 08/14/2025 2 11/17/2023 Books 08/28/2025 08/14/2025